[Event "World Blitz 2016"]
[Site "Doha QAT"]
[Date "2016.12.30"]
[Round "17.47"]
[White "Debashis, Das"]
[Black "Hirneise, Tobias"]
[Result "0-1"]
[WhiteTitle "GM"]
[BlackTitle "IM"]
[WhiteElo "2472"]
[BlackElo "2466"]
[WhiteFideId "5024854"]
[BlackFideId "24600881"]
[EventDate "2016.12.29"]

1. d4 d5 2. c4 c6 3. Nf3 Nf6 4. e3 Bf5 5. Nc3 e6 6. Nh4 Bg6 7. Qb3 Qb6 8. Nxg6
hxg6 9. Bd2 Nbd7 10. g3 dxc4 11. Bxc4 Bd6 12. O-O Qc7 13. Be2 g5 14. Rfc1 a6 15.
e4 e5 16. Nd5 Qd8 17. Nxf6+ Qxf6 18. Be1 Rb8 19. d5 c5 20. Bf1 b5 21. Qc2 c4 22.
b3 O-O 23. bxc4 Rfc8 24. Qd1 b4 25. Bh3 Qe7 26. Bd2 Rc7 27. Bxd7 Rxd7 28. Qg4 f6
29. c5 Bxc5 30. Rxc5 Qxc5 31. Qxd7 Qd4 32. Rd1 Qxe4 33. Be3 Qf3 34. Rc1 Rb5 35.
Qc8+ Kh7 36. Qc2+ f5 37. d6 Rd5 38. Bc5 e4 39. Re1 a5 40. Be3 f4 41. Bc1 Rd3 42.
d7 a4 0-1

[Event "World Blitz 2016"]
[Site "Doha QAT"]
[Date "2016.12.30"]
[Round "17.48"]
[White "Venkatesh, M.R."]
[Black "Shytaj, Luca"]
[Result "1-0"]
[WhiteTitle "GM"]
[BlackTitle "IM"]
[WhiteElo "2439"]
[BlackElo "2435"]
[WhiteFideId "5005779"]
[BlackFideId "812633"]
[EventDate "2016.12.29"]

1. Nf3 Nf6 2. g3 g6 3. Bg2 Bg7 4. d3 O-O 5. e4 d6 6. O-O c5 7. Re1 Nc6 8. c3 Bg4
9. h3 Bxf3 10. Qxf3 e5 11. Nd2 Ne8 12. Qe2 Nc7 13. Nc4 Ne6 14. Ne3 Ne7 15. h4
Rc8 16. h5 b6 17. a4 Qe8 18. Nd5 Nxd5 19. exd5 Nd8 20. h6 Bh8 21. d4 cxd4 22.
cxd4 f5 23. dxe5 Qxe5 24. Bf4 Qxe2 25. Rxe2 Nf7 26. Re7 g5 27. Be3 Bxb2 28. Rb1
Ba3 29. Rxa7 Bc5 30. Bxc5 bxc5 31. Bf1 c4 32. Rc1 c3 33. a5 Ne5 34. f4 gxf4 35.
gxf4 Nf3+ 36. Kf2 Nd4 37. Bd3 Rf7 38. Ra6 Re7 39. Rxd6 c2 40. a6 Rc3 41. Rf6 Rf7
42. a7 Ra3 43. Rxf7 Kxf7 44. Bxc2 Rxa7 45. Bd3 Ra3 46. Ke3 Nb3 47. Rc3 Kg6 48.
d6 Kf6 49. d7 Ke7 50. Bxf5 Na5 51. Rxa3 Nc4+ 52. Ke4 Nxa3 53. Bxh7 Nc4 54. Bf5
Nd6+ 55. Kd5 Nxf5 56. h7 1-0

[Event "World Blitz 2016"]
[Site "Doha QAT"]
[Date "2016.12.30"]
[Round "17.49"]
[White "Gholami, Aryan"]
[Black "Darini, Pouria"]
[Result "0-1"]
[WhiteTitle "IM"]
[BlackTitle "GM"]
[WhiteElo "2422"]
[BlackElo "2511"]
[WhiteFideId "12513342"]
[BlackFideId "12502200"]
[EventDate "2016.12.29"]

1. e4 c5 2. Nf3 d6 3. c3 Nf6 4. Be2 Nbd7 5. d3 b6 6. O-O Bb7 7. Re1 g6 8. Nbd2
Bg7 9. Bf1 O-O 10. d4 cxd4 11. cxd4 Rc8 12. e5 dxe5 13. dxe5 Ng4 14. e6 fxe6 15.
Bc4 Rxc4 16. Nxc4 Qc7 17. Ncd2 Nc5 18. h3 Nxf2 19. Kxf2 Bd4+ 20. Kf1 Ba6+ 21.
Re2 Qh2 22. Ke1 Nd3+ 0-1

[Event "World Blitz 2016"]
[Site "Doha QAT"]
[Date "2016.12.30"]
[Round "17.50"]
[White "Gashimov, Sarkhan"]
[Black "Sanal, Vahap"]
[Result "1-0"]
[BlackTitle "GM"]
[WhiteElo "2351"]
[BlackElo "2474"]
[WhiteFideId "13400657"]
[BlackFideId "6300545"]
[EventDate "2016.12.29"]

1. Nf3 d6 2. d4 g6 3. b3 Bg7 4. Bb2 Nf6 5. g3 O-O 6. Bg2 c6 7. O-O Nbd7 8. a4 a5
9. Nbd2 d5 10. Ne5 Nxe5 11. dxe5 Ng4 12. Nf3 Qc7 13. Qd4 f6 14. e4 fxe5 15. Qc3
d4 16. Qc4+ Kh8 17. Ng5 Nh6 18. Ne6 Bxe6 19. Qxe6 Qd6 20. Bh3 Qxe6 21. Bxe6 Nf7
22. Ba3 Ng5 23. Bg4 Rf7 24. Rae1 h5 25. Bd1 e6 26. Kg2 Bf8 27. Bc1 Nh7 28. Be2
Bb4 29. Rd1 Nf6 30. f3 Bc3 31. Bg5 Nh7 32. Bc1 Rb8 33. Bc4 Re7 34. f4 b5 35. Bd3
exf4 36. gxf4 Nf6 37. Kf3 Ng4 38. Kg3 Kg7 39. h3 Nf6 40. Kf3 bxa4 41. bxa4 c5
42. e5 Nh7 43. Rg1 Nf8 44. Ba3 Bb4 45. Bc1 Kf7 46. Rg2 Bc3 47. Rdg1 Rb1 48. Ba3
Rxg1 49. Rxg1 Bb4 50. Bc1 Rc7 51. Bc4 Nd7 52. Bd3 Nf8 53. Bc4 Rb7 54. f5 gxf5
55. Rg5 Ke8 56. Rxh5 Re7 57. Bg5 Rg7 58. Bf6 Rf7 59. Rh8 Kd7 60. Bb5+ Kc7 61.
Kg3 Nd7 62. Rh6 Nxf6 63. exf6 Be1+ 64. Kf3 Kd6 65. Be8 Rf8 66. f7 Ke7 67. Ke2
Bg3 68. Kd3 Bf4 69. Rg6 Bd6 70. Kc4 f4 71. Rg1 Rxf7 72. Bxf7 Kxf7 73. Kd3 Kf6
74. Ke4 e5 75. Rb1 Ke6 76. Rb6 c4 77. Rc6 Kd7 78. Rxc4 Be7 79. Kxe5 f3 80. Rxd4+
Kc6 81. Rd3 f2 82. Rf3 Bh4 83. Kf4 Kc5 84. Ke4 1-0

[Event "World Blitz 2016"]
[Site "Doha QAT"]
[Date "2016.12.30"]
[Round "17.51"]
[White "Tissir, Mohamed"]
[Black "Saeed, Ishaq"]
[Result "1-0"]
[WhiteTitle "IM"]
[BlackTitle "FM"]
[WhiteElo "2376"]
[BlackElo "2312"]
[WhiteFideId "9000240"]
[BlackFideId "9301453"]
[EventDate "2016.12.29"]

1. e4 e5 2. Nf3 Nc6 3. Bc4 Bc5 4. c3 Nf6 5. d3 O-O 6. Bb3 d6 7. Nbd2 a6 8. Nf1
d5 9. exd5 Nxd5 10. Ng3 Nf4 11. Bxf4 exf4 12. Ne4 Bb6 13. O-O Bf5 14. Re1 Qd7
15. d4 h6 16. Qd2 g5 17. Nf6+ Kg7 18. Nxd7 Bxd7 19. Bc2 Rad8 20. Qd3 f5 21. Ne5
Nxe5 22. Rxe5 Bb5 23. Rxb5 axb5 24. Qxb5 Rde8 25. a4 Ba7 26. Qxb7 Bb8 27. a5 Kg6
28. a6 f3 29. gxf3 Re2 30. Bd3 Rd2 31. Bf1 1-0

[Event "World Blitz 2016"]
[Site "Doha QAT"]
[Date "2016.12.30"]
[Round "17.52"]
[White "Xu, Yi"]
[Black "Stratonowitsch, Andre"]
[Result "1/2-1/2"]
[WhiteTitle "IM"]
[WhiteElo "2430"]
[BlackElo "2138"]
[WhiteFideId "8605564"]
[BlackFideId "24613959"]
[EventDate "2016.12.29"]

1. e4 c5 2. Nf3 e6 3. d4 cxd4 4. Nxd4 Nc6 5. Nc3 Qc7 6. g3 a6 7. Bg2 Nf6 8. O-O
Be7 9. Re1 d6 10. Nxc6 bxc6 11. e5 dxe5 12. Rxe5 O-O 13. Re1 Rd8 14. Qe2 Bb4 15.
Bg5 Be7 16. Rad1 Bb7 17. a3 Qa5 18. Bd2 Qb6 19. Ne4 c5 20. Bc3 Rxd1 21. Rxd1 Rd8
22. Rxd8+ Bxd8 23. Nxf6+ Bxf6 24. Bxf6 gxf6 25. Bxb7 Qxb7 26. b3 Qd5 27. h3 a5
28. a4 f5 29. Qd3 Qxd3 30. cxd3 Kf8 31. Kf1 Ke7 32. Ke2 Kd6 33. Ke3 Ke5 34. Ke2
Kd4 35. Kd2 e5 36. f3 f6 1/2-1/2

[Event "World Blitz 2016"]
[Site "Doha QAT"]
[Date "2016.12.30"]
[Round "17.53"]
[White "Howell, David W L"]
[Black "khayat, Abdullah F"]
[Result "1-0"]
[WhiteTitle "GM"]
[WhiteElo "2644"]
[BlackElo "1732"]
[WhiteFideId "410608"]
[BlackFideId "21500460"]
[EventDate "2016.12.29"]

1. g3 Nf6 2. Bg2 g6 3. c4 c6 4. Nf3 Bg7 5. O-O O-O 6. b3 b6 7. Bb2 Bb7 8. d3 d6
9. e4 e5 10. Nc3 Nbd7 11. h3 Re8 12. Re1 a5 13. Qc2 Qc7 14. Rad1 Rad8 15. d4 Nh5
16. d5 c5 17. Nb5 Qb8 18. Rf1 Ba6 19. Kh2 Bxb5 20. cxb5 Qc7 21. Nd2 Rf8 22. Bf3
Nhf6 23. Nc4 Rfe8 24. Bg2 Rf8 25. Rde1 Rfe8 26. Bf3 Rf8 27. Kg2 Rde8 28. Bd1 Bh6
29. Bc3 Kh8 30. a4 Bg7 31. Rh1 Bh6 32. Bf3 Bg7 33. Re2 Re7 34. Qd3 Rfe8 35. Kf1
Bh6 36. Ke1 Ng8 37. h4 Ngf6 38. Kd1 Bg7 39. h5 Kg8 40. Kc2 g5 41. h6 Bh8 42.
Ree1 Rf8 43. Qe3 Rd8 44. Qxg5+ Kf8 45. Qf5 Ng8 46. Qxh7 Ndf6 47. Qxh8 Ke8 48. h7
Kd7 49. hxg8=Q Nxg8 50. Bg4+ 1-0

[Event "World Blitz 2016"]
[Site "Doha QAT"]
[Date "2016.12.30"]
[Round "18.2"]
[White "Korobov, Anton"]
[Black "Karjakin, Sergey"]
[Result "1/2-1/2"]
[WhiteTitle "GM"]
[BlackTitle "GM"]
[WhiteElo "2692"]
[BlackElo "2785"]
[WhiteFideId "14105730"]
[BlackFideId "14109603"]
[EventDate "2016.12.29"]

1. d4 Nf6 2. c4 e6 3. Nc3 Bb4 4. Qc2 d5 5. cxd5 Qxd5 6. e3 c5 7. Bd2 Bxc3 8.
bxc3 O-O 9. f3 b6 10. Bd3 Qc6 11. Ne2 c4 12. Be4 Nxe4 13. fxe4 Bb7 14. Ng3 Nd7
15. O-O f5 16. d5 exd5 17. Nxf5 Rae8 18. Nd4 Rxf1+ 19. Rxf1 Qg6 20. exd5 Qxc2
21. Nxc2 Bxd5 22. Nd4 Nc5 23. Rf5 Bb7 24. h4 g6 25. Rf4 Ne4 26. Be1 Re5 27. g4
h6 28. Kf1 Bc8 29. Nf3 Re8 30. Nd2 Nxc3 31. Nxc4 Nd5 32. Rd4 Ba6 33. Kf2 Bxc4
34. Rxc4 Nxe3 35. Ra4 a5 36. Bd2 Nd1+ 37. Kf3 h5 38. gxh5 gxh5 39. Rd4 Rf8+ 40.
Ke2 Nf2 41. Rd6 Ne4 42. Rxb6 Rf2+ 43. Ke3 Rxd2 44. Kxe4 Rxa2 45. Rb5 a4 46. Rxh5
a3 47. Ra5 Ra1 48. Kf3 Kg7 49. Ra6 1/2-1/2

[Event "World Blitz 2016"]
[Site "Doha QAT"]
[Date "2016.12.30"]
[Round "18.8"]
[White "Onischuk, Vladimir"]
[Black "Bosiocic, Marin"]
[Result "1-0"]
[WhiteTitle "GM"]
[BlackTitle "GM"]
[WhiteElo "2601"]
[BlackElo "2591"]
[WhiteFideId "14114038"]
[BlackFideId "14507927"]
[EventDate "2016.12.29"]

1. e4 c5 2. Nf3 e6 3. b3 a6 4. Bb2 Nc6 5. c4 Nge7 6. Nc3 Ng6 7. g3 Bd6 8. d4
cxd4 9. Nxd4 Nxd4 10. Qxd4 Be5 11. Qd2 d6 12. Bg2 h5 13. f4 Bf6 14. Rd1 Be7 15.
h4 Bd7 16. O-O Bc6 17. Ne2 e5 18. f5 Nf8 19. Qe3 Nd7 20. Kh1 Qc7 21. Nc3 Nf6 22.
Bf3 b5 23. cxb5 axb5 24. b4 Qb7 25. a3 O-O 26. Qe2 Rfc8 27. Rfe1 Ra6 28. Bxh5 d5
29. Bf3 d4 30. Nb1 Qa8 31. Rc1 Bb7 32. Nd2 Rac6 33. Qd3 Nd7 34. Rxc6 Bxc6 35.
Rc1 Nb6 36. Kg2 Qb7 37. Rc2 Bd7 38. Kh3 Bf8 39. g4 Nc4 40. Bc1 Rc6 41. Nxc4 bxc4
42. Rxc4 Rxc4 43. Qxc4 Bb5 44. Qb3 Qc6 45. Bd2 Ba4 46. Qd3 Bb5 47. Qb1 Qc4 48.
Kg3 Bd6 49. g5 Qc6 50. Kf2 Qa6 51. Qc1 Qa7 52. h5 Be7 53. Qc8+ Bf8 54. Qc1 Qa4
55. g6 Qb3 56. Qc7 Bc4 57. Be2 d3 58. Bf3 Qb2 59. Qxc4 Qxd2+ 60. Kf1 Kh8 61.
Qxf7 Qc1+ 62. Kg2 Qg5+ 63. Kh3 Qd8 64. h6 d2 65. h7 Be7 66. Qd5 Qxd5 67. exd5 e4
68. Be2 e3 69. b5 Bxa3 70. b6 Bd6 71. b7 1-0

[Event "World Blitz 2016"]
[Site "Doha QAT"]
[Date "2016.12.30"]
[Round "18.9"]
[White "Artemiev, Vladislav"]
[Black "Vallejo Pons, Francisco"]
[Result "1/2-1/2"]
[WhiteTitle "GM"]
[BlackTitle "GM"]
[WhiteElo "2653"]
[BlackElo "2711"]
[WhiteFideId "24101605"]
[BlackFideId "2205530"]
[EventDate "2016.12.29"]

1. d4 e6 2. Nf3 f5 3. Bg5 Be7 4. Bxe7 Qxe7 5. Nbd2 Nf6 6. e3 b6 7. g3 Bb7 8. Bg2
O-O 9. O-O d6 10. a4 a5 11. Re1 Nbd7 12. Qe2 Ba6 13. Qd1 Bb7 14. c3 Ne4 15. Qc2
Nxd2 16. Nxd2 Bxg2 17. Kxg2 e5 18. Qb3+ Kh8 19. Qc4 Nf6 20. b4 Qd7 21. dxe5 dxe5
22. Nf3 Qe7 23. Qb5 Rfe8 24. Red1 f4 25. exf4 exf4 26. Re1 Qf8 27. Ne5 Qg8 28.
Qc6 fxg3 29. hxg3 Rac8 30. bxa5 bxa5 31. Rad1 h6 32. Ng6+ Kh7 33. Ne7 Qf7 34.
Nxc8 Rxc8 35. Qe6 Qf8 36. Qf5+ Kh8 37. Re6 Rb8 38. Rde1 Qf7 39. Qxa5 Qd7 40. Qe5
Rf8 41. a5 Ng4 42. Qe4 Nxf2 43. Qd4 Qb5 44. a6 Qh5 45. Qxf2 Rxf2+ 46. Kxf2 Qc5+
47. R1e3 Kh7 48. Kf3 Qd5+ 49. Ke2 c6 50. Kf2 Qa2+ 51. Kf3 Qxa6 52. Re7 Qf1+ 53.
Ke4 Qc4+ 54. Kf3 Qd5+ 55. Kf2 h5 56. R7e5 Qd2+ 57. Kf3 g6 58. Rc5 Kh6 59. Rce5
Qd1+ 60. Kf2 Qd2+ 61. Kf3 Qd1+ 62. Kf2 1/2-1/2

[Event "World Blitz 2016"]
[Site "Doha QAT"]
[Date "2016.12.30"]
[Round "18.12"]
[White "Melkumyan, Hrant"]
[Black "Mchedlishvili, Mikheil"]
[Result "1-0"]
[WhiteTitle "GM"]
[BlackTitle "GM"]
[WhiteElo "2633"]
[BlackElo "2601"]
[WhiteFideId "13302485"]
[BlackFideId "13600966"]
[EventDate "2016.12.29"]

1. Nf3 Nf6 2. c4 e6 3. Nc3 Bb4 4. Qc2 c5 5. g3 O-O 6. Bg2 Nc6 7. O-O h6 8. d3 d6
9. a3 Ba5 10. e3 e5 11. h3 Be6 12. Bd2 Re8 13. Kh2 Rc8 14. Ne4 Nxe4 15. dxe4
Bxd2 16. Nxd2 a6 17. Rfd1 b5 18. Bf1 Qb6 19. Nb1 Red8 20. cxb5 axb5 21. Nc3 c4
22. Nd5 Bxd5 23. Rxd5 Na5 24. Rad1 Nb3 25. Qc3 Nc5 26. Qc2 Rb8 27. h4 Nb3 28.
Kg2 Nc5 29. Be2 Qc6 30. Bf3 Qb6 31. Qd2 Nb3 32. Qb4 Nc5 33. h5 Nd3 34. Qd2 Rd7
35. Be2 Nc5 36. Bg4 Rdd8 37. Bf3 Nd3 38. Be2 Nc5 39. f3 Na4 40. Kf2 Kf8 41. Qb4
Nc5 42. Qd2 Ke7 43. Qb4 Na6 44. Qc3 Nc5 45. Bf1 Qc7 46. Kg2 Kf8 47. Qb4 Ke7 48.
Be2 Rb6 49. Kf2 Rbb8 50. Qd2 Nb3 51. Qc3 Nc5 52. Kg2 Kf8 53. Kh2 Ke7 54. Bf1 Kf8
55. Bg2 Na4 56. Qb4 Nc5 57. f4 Nd3 58. Qc3 b4 59. axb4 Nxb4 60. R5d2 Nd3 61.
Rxd3 Rb3 62. Qc2 Rb4 63. Rd5 Qb8 64. R1d2 exf4 65. exf4 1-0

[Event "World Blitz 2016"]
[Site "Doha QAT"]
[Date "2016.12.30"]
[Round "18.15"]
[White "Khusnutdinov, Rustam"]
[Black "Nepomniachtchi, Ian"]
[Result "0-1"]
[WhiteTitle "GM"]
[BlackTitle "GM"]
[WhiteElo "2458"]
[BlackElo "2767"]
[WhiteFideId "13701703"]
[BlackFideId "4168119"]
[EventDate "2016.12.29"]

1. d4 Nf6 2. Bf4 g6 3. e3 Bg7 4. Nf3 O-O 5. Be2 d6 6. O-O Nh5 7. Bg5 h6 8. Bh4
f5 9. Nfd2 Nf6 10. c4 e5 11. Nc3 g5 12. dxe5 dxe5 13. Bg3 f4 14. Qc2 fxg3 15.
fxg3 Nc6 16. Rad1 Qe8 17. Nde4 Nxe4 18. Qxe4 Ne7 19. Bd3 Bf5 20. Rxf5 Rxf5 21.
Nd5 Nxd5 22. Qxd5+ Rf7 23. Bg6 c6 24. Qxf7+ Qxf7 25. Bxf7+ Kxf7 26. Rd7+ Kg6 27.
Rxb7 Rd8 28. b4 Rd1+ 29. Kf2 Rd2+ 30. Kf3 Rxa2 31. Rc7 Ra6 32. c5 Kf6 33. g4 Bf8
34. Ke4 Be7 35. g3 Ke6 36. Kd3 Bd8 37. Rh7 Ra3+ 38. Kc4 Rxe3 39. Rxh6+ Bf6 40.
h4 Re4+ 0-1

[Event "World Blitz 2016"]
[Site "Doha QAT"]
[Date "2016.12.30"]
[Round "18.16"]
[White "Mamedov, Rauf"]
[Black "Najer, Evgeniy"]
[Result "1-0"]
[WhiteTitle "GM"]
[BlackTitle "GM"]
[WhiteElo "2688"]
[BlackElo "2679"]
[WhiteFideId "13401653"]
[BlackFideId "4118987"]
[EventDate "2016.12.29"]

1. e4 c5 2. g3 d5 3. exd5 Qxd5 4. Nf3 Bg4 5. Bg2 Qe6+ 6. Kf1 Nc6 7. h3 Bh5 8. d3
Nf6 9. Nc3 Rd8 10. Kg1 Qc8 11. Kh2 e6 12. Bf4 Be7 13. Re1 O-O 14. Qc1 Nd4 15.
Ne5 Nd7 16. g4 Nxe5 17. Bxe5 Bg6 18. a4 c4 19. Nb5 Bc5 20. Nxd4 Bxd4 21. Bxd4
Rxd4 22. dxc4 Rfd8 23. Qe3 Qxc4 24. Re2 h5 25. g5 h4 26. b3 Qc7+ 27. Kg1 b6 28.
a5 bxa5 29. c4 Qb6 30. Qe5 Qxb3 31. c5 Qc3 32. Ree1 a4 33. c6 Rc4 34. Qb5 a3 35.
Qb7 Rf8 36. Qxa7 Rxc6 37. Bxc6 Qxc6 38. Qxa3 Bf5 39. Qe3 Qc4 40. Rac1 Qd5 41.
Rcd1 Qb7 42. Rd4 Rc8 43. Rxh4 Qd7 44. Rd4 Qb7 45. Red1 Kh7 46. h4 Kg6 47. Qg3
Rh8 48. Rf4 Qc6 49. Re1 Qb7 50. Rd4 Qc6 51. Qg2 Qc3 52. Red1 Qc2 53. Qg3 Qc6 54.
Rd8 Rh5 55. Rg8 Qc4 56. f3 Rxh4 57. Qe5 Rh7 58. Rxg7+ Rxg7 59. Qf6+ Kh7 60. Qh6+
Kg8 61. Rd8# 1-0

[Event "World Blitz 2016"]
[Site "Doha QAT"]
[Date "2016.12.30"]
[Round "18.17"]
[White "Cheparinov, Ivan"]
[Black "Vitiugov, Nikita"]
[Result "1-0"]
[WhiteTitle "GM"]
[BlackTitle "GM"]
[WhiteElo "2689"]
[BlackElo "2726"]
[WhiteFideId "2905540"]
[BlackFideId "4152956"]
[EventDate "2016.12.29"]

1. d4 Nf6 2. c4 e6 3. Nf3 b6 4. g3 Bb7 5. Bg2 Be7 6. O-O O-O 7. Nc3 Ne4 8. Bd2
Bf6 9. Rc1 Nxd2 10. Qxd2 d6 11. Rfd1 Nd7 12. b4 a5 13. b5 g6 14. e3 Bg7 15. Ne1
Bxg2 16. Kxg2 f5 17. Nd3 g5 18. c5 bxc5 19. dxc5 d5 20. Ne2 Qe8 21. c6 Nb6 22.
Nc5 Nc4 23. Rxc4 dxc4 24. Qc2 f4 25. exf4 gxf4 26. Nxf4 Rxf4 27. gxf4 Qh5 28.
Ne4 Rf8 29. b6 cxb6 30. c7 Qg4+ 31. Kf1 Qxf4 32. Qxc4 Qf3 33. Rd8 Qh1+ 34. Ke2
Qf3+ 35. Kd2 Bh6+ 36. Kc2 Qf4 37. Rxf8+ Bxf8 38. c8=Q 1-0

[Event "World Blitz 2016"]
[Site "Doha QAT"]
[Date "2016.12.30"]
[Round "18.18"]
[White "Pantsulaia, Levan"]
[Black "Riazantsev, Alexander"]
[Result "0-1"]
[WhiteTitle "GM"]
[BlackTitle "GM"]
[WhiteElo "2607"]
[BlackElo "2671"]
[WhiteFideId "13602071"]
[BlackFideId "4125029"]
[EventDate "2016.12.29"]

1. Nf3 d5 2. g3 Nd7 3. Bg2 e5 4. O-O c6 5. d3 Ngf6 6. Nbd2 Bd6 7. e4 O-O 8. c3
Re8 9. Qc2 dxe4 10. dxe4 Qc7 11. Nc4 Bf8 12. a4 a5 13. Rd1 b5 14. Ne3 Nc5 15.
axb5 cxb5 16. Nd5 Nxd5 17. exd5 Bd6 18. Ng5 g6 19. Qe2 Rb8 20. Be3 a4 21. Bxc5
Bxc5 22. Ne4 Rd8 23. Nxc5 Qxc5 24. Qxe5 Bd7 25. Qd4 Qd6 26. h4 b4 27. c4 Rbc8
28. Rac1 Qc5 29. Qf6 h5 30. Be4 Re8 31. Re1 Qf8 32. Bd3 Qg7 33. Qxg7+ Kxg7 34.
Rxe8 Bxe8 35. c5 Kf6 36. f4 a3 37. bxa3 bxa3 38. Kf2 Ra8 39. Bc4 Ra5 40. Ba2 Ke7
41. Ke3 Bb5 42. Rb1 Kd7 43. Rb4 Kc7 44. Kd4 Be8 45. d6+ Kc8 46. Kd5 Bd7 47. Kd4
Be6 48. Bxe6+ fxe6 49. Rb1 a2 50. Ra1 Kd7 51. Ke5 Rxc5+ 52. Kf6 Ra5 53. Kxg6
Kxd6 54. Kf6 Ra8 55. Rd1+ Kc5 56. Ra1 Kd6 57. Kg6 Ra5 58. Kf6 Ra3 59. Rd1+ Kc5
60. Ra1 Kd5 61. Kg6 Rxg3+ 62. Kxh5 Rg2 63. Kh6 Ke4 64. h5 Kd3 65. Kh7 Kc3 66.
Re1 Kb2 67. f5 exf5 68. h6 a1=Q 0-1

[Event "World Blitz 2016"]
[Site "Doha QAT"]
[Date "2016.12.30"]
[Round "18.19"]
[White "Amonatov, Farrukh"]
[Black "Christiansen, Johan-Sebastian"]
[Result "0-1"]
[WhiteTitle "GM"]
[BlackTitle "IM"]
[WhiteElo "2620"]
[BlackElo "2429"]
[WhiteFideId "14700077"]
[BlackFideId "1512668"]
[EventDate "2016.12.29"]

1. e4 e6 2. d4 d5 3. Nc3 Nf6 4. Bg5 dxe4 5. Nxe4 Be7 6. Bxf6 gxf6 7. Nf3 f5 8.
Ned2 c5 9. dxc5 Bxc5 10. Bb5+ Bd7 11. Bxd7+ Nxd7 12. Qe2 O-O 13. O-O-O Nf6 14.
Ne5 Qa5 15. Kb1 Rad8 16. g4 fxg4 17. Ne4 Be7 18. Nxf6+ Bxf6 19. Nd7 Bxb2 20.
Qxg4+ Bg7 21. Nf6+ Kh8 22. Qh4 h6 23. Rhg1 Qb5+ 24. Kc1 Qe5 25. Rd7 Qxf6 26.
Qxf6 Bxf6 27. Rxb7 Bg5+ 28. Kb2 Rb8 29. Rb3 a5 30. Ka3 Be7+ 31. Ka4 Rb4+ 32.
Rxb4 axb4 33. Rd1 Ra8+ 34. Kb3 Ra3+ 35. Kb2 Bf6+ 36. Kb1 Rf3 37. Rd2 Bc3 38. Re2
Rh3 39. a4 bxa3 40. Ka2 Bb2 41. c4 Rc3 42. Re4 Kg7 43. h4 Kf6 44. Rf4+ Ke7 45.
Rg4 f5 46. Rg6 Bc1 47. Rg7+ Kf6 48. Rg8 Rxc4 49. Ra8 Ke7 50. h5 Bb2 51. Ra7+ 0-1

[Event "World Blitz 2016"]
[Site "Doha QAT"]
[Date "2016.12.30"]
[Round "18.20"]
[White "Aronian, Levon"]
[Black "Fressinet, Laurent"]
[Result "1-0"]
[WhiteTitle "GM"]
[BlackTitle "GM"]
[WhiteElo "2785"]
[BlackElo "2672"]
[WhiteFideId "13300474"]
[BlackFideId "608742"]
[EventDate "2016.12.29"]

1. c4 Nf6 2. g3 g6 3. Bg2 Bg7 4. Nc3 O-O 5. d4 d6 6. Nf3 Nc6 7. O-O Bf5 8. Bg5
Ne4 9. Nxe4 Bxe4 10. d5 Na5 11. b3 c5 12. Rc1 Re8 13. Qd2 a6 14. Bh3 Bxf3 15.
exf3 b5 16. Rfe1 bxc4 17. bxc4 Rb8 18. Rc2 Rb4 19. Qd3 Bf6 20. Bd2 Ra4 21. Rb1
Qc7 22. Kg2 Rb8 23. Rxb8+ Qxb8 24. Bd7 Rb4 25. Bxb4 Qxb4 26. h4 Qb7 27. Bh3 Qb1
28. f4 Bd4 29. f5 Kg7 30. fxg6 hxg6 31. Bg4 Nb7 32. h5 Nd8 33. Qd1 Qb4 34. Qe2
Bf6 35. Qe3 a5 36. h6+ Kh7 37. Bd7 a4 38. Bb5 a3 39. Re2 Qb1 40. Qxa3 Kxh6 41.
Qe3+ Kg7 42. a4 Nb7 43. Re1 Qb4 44. Rh1 Kg8 45. Qh6 Bg7 46. Qh4 Bf6 47. Qh6 Na5
48. Be8 Bg7 49. Qh7+ Kf8 50. Bxf7 Kxf7 51. Rh4 Qb2 52. Rf4+ Ke8 53. Qxg6+ Kd8
54. Rf7 Bf6 55. Qg8+ Kc7 56. Qa8 Nb7 57. a5 Qd4 58. a6 Qe4+ 59. Kh2 Nd8 60. a7
Nb7 61. Qb8+ Kb6 62. a8=Q 1-0

[Event "World Blitz 2016"]
[Site "Doha QAT"]
[Date "2016.12.30"]
[Round "18.21"]
[White "Tomashevsky, Evgeny"]
[Black "Li, Chao b"]
[Result "1-0"]
[WhiteTitle "GM"]
[BlackTitle "GM"]
[WhiteElo "2716"]
[BlackElo "2720"]
[WhiteFideId "4147235"]
[BlackFideId "8604436"]
[EventDate "2016.12.29"]

1. e4 c5 2. Nf3 Nc6 3. Bb5 g6 4. Bxc6 bxc6 5. O-O Bg7 6. d3 d6 7. h3 e5 8. c3
Ne7 9. d4 cxd4 10. cxd4 exd4 11. Nxd4 O-O 12. Nc3 h6 13. Be3 Kh7 14. Qd2 Rb8 15.
b3 c5 16. Nde2 Ba6 17. Rac1 f5 18. Rfd1 fxe4 19. Qxd6 Qxd6 20. Rxd6 Bd3 21. Nf4
Nf5 22. Rd7 Nxe3 23. fxe3 Rfd8 24. Rxa7 Rd6 25. Na4 c4 26. bxc4 Kg8 27. Nc5 g5
28. Nd5 Bb2 29. Rd1 Kh8 30. Nxd3 exd3 31. Rxd3 Rc6 32. Rb3 Be5 33. Rxb8+ Bxb8
34. Ra8 Rc8 35. Kf1 Kg7 36. Ke2 Kf7 37. a4 Ke6 38. a5 Rxc4 39. Rxb8 Kxd5 40. Rb6
h5 41. Kd3 Kc5 42. Rg6 g4 43. Rc6+ Kd5 1-0

[Event "World Blitz 2016"]
[Site "Doha QAT"]
[Date "2016.12.30"]
[Round "18.22"]
[White "Volokitin, Andrei"]
[Black "Bortnyk, Olexandr"]
[Result "1-0"]
[WhiteTitle "GM"]
[BlackTitle "GM"]
[WhiteElo "2649"]
[BlackElo "2581"]
[WhiteFideId "14107090"]
[BlackFideId "14120828"]
[EventDate "2016.12.29"]

1. e4 Nf6 2. e5 Nd5 3. d4 d6 4. c4 Nb6 5. exd6 exd6 6. Nc3 Be7 7. Bd3 Nc6 8.
Nge2 Bg4 9. f3 Bh4+ 10. g3 Bxf3 11. O-O Bxe2 12. Qxe2+ Be7 13. Qe4 Qd7 14. Nd5
Nxd5 15. cxd5 Nb4 16. Bb1 Qb5 17. Bg5 f6 18. Bd2 Nxd5 19. Bd3 Qxb2 20. Qxd5 Qxd2
21. Bb5+ c6 22. Bxc6+ Kf8 23. Ba4 Qe3+ 24. Rf2 Qh6 25. Bb3 Qg6 26. Re1 a5 27.
Rfe2 Re8 28. Ba4 Qg5 29. Qxg5 fxg5 30. Rf1+ Kg8 31. Bb3+ 1-0

[Event "World Blitz 2016"]
[Site "Doha QAT"]
[Date "2016.12.30"]
[Round "18.23"]
[White "Adly, Ahmed"]
[Black "Bok, Benjamin"]
[Result "0-1"]
[WhiteTitle "GM"]
[BlackTitle "GM"]
[WhiteElo "2599"]
[BlackElo "2598"]
[WhiteFideId "10601619"]
[BlackFideId "1017063"]
[EventDate "2016.12.29"]

1. d4 Nf6 2. Nf3 g6 3. g3 b6 4. Bg2 Bb7 5. O-O Bg7 6. c4 O-O 7. Nc3 Ne4 8. Nxe4
Bxe4 9. Be3 e6 10. Qd2 d6 11. Rac1 Nd7 12. Bh6 Qe7 13. Bxg7 Kxg7 14. Qe3 Nf6 15.
Rfd1 a5 16. h4 Rad8 17. h5 Rfe8 18. h6+ Kg8 19. Ng5 Bxg2 20. Kxg2 e5 21. d5 Ng4
22. Qd2 Nf6 23. e4 Nd7 24. b3 Nc5 25. Qe3 f6 26. Nf3 Rf8 27. Nh4 Qd7 28. a3 a4
29. b4 Nb3 30. Rc3 Nd4 31. c5 bxc5 32. bxc5 f5 33. exf5 Nxf5 34. Nxf5 Qxf5 35.
cxd6 cxd6 36. Rc7 Rd7 37. Rdc1 Rdf7 38. Rxf7 Qxf7 39. Rd1 Rb8 40. Qc3 Rf8 41.
Rd2 Qf5 42. Qc7 Qf6 43. Kg1 g5 44. Rb2 Qxh6 45. Rb7 Qg6 46. Qd7 h6 47. Qxa4 Qf5
48. Rb2 Kg7 49. Qb4 Rf6 50. a4 Qd3 51. Rd2 Qf3 52. a5 h5 53. Qc4 h4 54. Qe2 hxg3
55. Qxf3 Rxf3 56. fxg3 Rxg3+ 57. Rg2 Ra3 58. Rxg5+ Kf6 59. Rg2 Rxa5 60. Rd2 e4
61. Kf1 Ke5 62. Rh2 Rxd5 63. Ke2 Rc5 64. Ke3 Rc3+ 65. Kd2 Rd3+ 66. Ke2 d5 67.
Rh8 Ra3 68. Rb8 Ra2+ 69. Kd1 d4 70. Re8+ Kf4 71. Rh8 d3 72. Rg8 Ke3 73. Rg3+ Kd4
74. Rg8 Ra1+ 0-1